Loading...

Panchayati Raj: power to the people

Bibliographic Details
Main Author: Vasant Desai
Format: Printed Book
Language:Undetermined
Published: Bombay Himalaya Publishing House 1990
LEADER 00536nam a2200145Ia 4500
008 161229s9999 xx 000 0 und d
020 |a 8170401496 
082 |a 338.9 VAS/PA 
100 |a Vasant Desai 
245 |a Panchayati Raj: power to the people 
260 |b Himalaya Publishing House  |a Bombay  |c 1990 
300 |a xiv, 516 
942 |c BK 
999 |c 152056  |d 152056 
952 |0 0  |1 0  |4 0  |6 338_900000000000000_VASPA  |7 0  |9 151116  |a KAUCLV  |b KAUCLV  |d 2016-12-29  |o 338.9 VAS/PA  |p 903365  |r 2016-12-29  |w 2016-12-29  |y BK  |z Book transferred from CCBM Library ,Acc.No:1021